000 01444nam a2200229Ia 4500
003 OSt
005 20241029135811.0
007 ca aa aaaaa
008 201103s9999 xx 000 0 und d
040 _cSSBUL
041 _abur
082 _223
_a၂၉၄.၃၄၄၃ မင်း
_b၉၂၆၄ S-SAT
100 0 _aမင်းကွန်းဆရာတော်ကြီး။
_955103
245 1 0 _aသြကာသကန်တော့ခန်းနှင့်သီလယူရှင်းတမ်းတရားတော်= Obeisane and Taking the Precepts /
_cဦးဝိစိတ္တသာရာဘိဝံသ(မင်းကွန်းဆရာတော်)၊ ဘာသာပြန်သူ ဦးဝင်းဖေ။
260 _aရန်ကုန် ၊
_bတိပိဋက= နိကာယစာအုပ်စာပေ၊ အနုပညာနှင့်မော်ကွန်းအဖွဲ့၊
_c[ခုနှစ်မပါ]။
300 _a[၁၄၈] စာမျက်နှာ ၊
_c၁၈ စင်တီ။
500 _a အင်္ဂလိပ်- မြန်မာနှစ်ဘာသာဖြင့်ရေးသားထားသည်
500 _aS-SAT: Dr. Sai Aung Tun S-KZN: Prof. Kyaw Zaw Naing
650 _aဗုဒ္ဓဘာသာ
_xတရားတော်
_913507
700 _aဝင်းဖေ၊ ဦး။
_eဘာသာပြန်သူ
_911757
942 _2ddc
_cBK1
999 _c16783
_d16783